| 000 | 00000nam 2200000zi 4500 |
| 001 | 9.922315 |
| 003 | CaOODSP |
| 005 | 20230505102227 |
| 006 | m o d f |
| 007 | cr |n||||||||| |
| 008 | 230505s2000 onc o f000 0 fre d |
| 020 | |z0662653211 |
| 040 | |aCaOODSP|bfre|erda|cCaOODSP |
| 043 | |an-cn--- |
| 086 | 1 |aC2-368/2000F-PDF|zC2-368/2000 |
| 245 | 03|aLa voie qui vous mène à Strategis est aussi la voie du succès. |
| 264 | 1|a[Ottawa] : |bIndustrie Canada = Industry Canada, |c[2000] |
| 300 | |a1 ressource en ligne (3 pages non numérotées) |
| 336 | |atexte|btxt|2rdacontent/fre |
| 337 | |ainformatique|bc|2rdamedia/fre |
| 338 | |aressource en ligne|bcr|2rdacarrier/fre |
| 500 | |aÉdition numérisée de l'imprimé [par Innovation, Sciences et Développement économique Canada]. |
| 500 | |aPublié aussi en anglais sous le titre : The path that leads to Strategis will also lead to success. |
| 500 | |a« 53261B. » |
| 650 | 6|aEntreprises|zCanada|xRessources Internet. |
| 650 | 6|aPetites et moyennes entreprises|zCanada|xRessources Internet. |
| 650 | 6|aPortails (Informatique)|zCanada. |
| 650 | 6|aSites Web gouvernementaux|zCanada. |
| 710 | 1 |aCanada. |bIndustrie Canada, |eorganisme de publication. |
| 775 | 08|tThe path that leads to Strategis will also lead to success.|w(CaOODSP)9.922312 |
| 856 | 40|qPDF|s584 Ko|uhttps://publications.gc.ca/collections/collection_2023/isde-ised/c2/C2-368-2000-fra.pdf |